<?xml version="1.0" encoding="UTF-8"?>
<record
    xmlns:xsi="http://www.w3.org/2001/XMLSchema-instance"
    xsi:schemaLocation="http://www.loc.gov/MARC21/slim http://www.loc.gov/standards/marcxml/schema/MARC21slim.xsd"
    xmlns="http://www.loc.gov/MARC21/slim">

  <leader>01448    a2200217   4500</leader>
  <controlfield tag="003">NUST</controlfield>
  <controlfield tag="005">20230712084507.0</controlfield>
  <datafield tag="010" ind1=" " ind2=" ">
    <subfield code="a">   77005545</subfield>
  </datafield>
  <datafield tag="040" ind1=" " ind2=" ">
    <subfield code="c">Nust</subfield>
  </datafield>
  <datafield tag="082" ind1="0" ind2="0">
    <subfield code="a">543,MEN</subfield>
  </datafield>
  <datafield tag="100" ind1="1" ind2=" ">
    <subfield code="a">Vogel, Arthur Israel.</subfield>
    <subfield code="9">100046</subfield>
  </datafield>
  <datafield tag="245" ind1="1" ind2="0">
    <subfield code="a">Vogel's textbook of quantitative chemical  analysis :</subfield>
    <subfield code="b">including elementary instrumental analysis /</subfield>
    <subfield code="c">J. Mendham, R.C. Denney and J.D. Barnes</subfield>
  </datafield>
  <datafield tag="250" ind1=" " ind2=" ">
    <subfield code="a">6th ed. /</subfield>
    <subfield code="b">revised by John Bassett ... [et al.].</subfield>
  </datafield>
  <datafield tag="260" ind1=" " ind2=" ">
    <subfield code="a">London ;</subfield>
    <subfield code="a">New York :</subfield>
    <subfield code="b">Longman,</subfield>
    <subfield code="c">1978.</subfield>
  </datafield>
  <datafield tag="300" ind1=" " ind2=" ">
    <subfield code="a">xxxi, 925 p. ;</subfield>
    <subfield code="b">ill ;</subfield>
    <subfield code="c">24 cm.</subfield>
  </datafield>
  <datafield tag="505" ind1=" " ind2=" ">
    <subfield code="a">Chemical Analysis (Page-29), Solution Reactions: Fundamental Theory (Page-40), Common Apparatus and Basic Techniques (Page-94), Statistics : Introduction to Chemo metrics (Page-145), Sampling (Page-198), Separation (Page-239) Thin-Layer Chromatography (Page-279), Liquid Chromatography (Page-289), Gas Chromatography (Page-317), Titrimetric Analysis (Page-340), Gravimetric  analysis (Page-489), Thermal Analysis (Page-503), Direct Electro analytical Methods (Page-523), Nuclear Magnetic Spectroscopy (Page-599), Atomic Absorption Spectroscopy (Page-612), Atomic Emission Spectroscopy (Page-645) Molecular Electronic Spectroscopy (Page-658), Vibrational Spectroscopy (Page-720), Mass Spectrometry (Page-745).</subfield>
  </datafield>
  <datafield tag="650" ind1=" " ind2="0">
    <subfield code="a">Chemistry, Analytic</subfield>
    <subfield code="x">Quantitative.</subfield>
    <subfield code="9">905</subfield>
  </datafield>
  <datafield tag="650" ind1=" " ind2="0">
    <subfield code="a">Chemistry, Inorganic.</subfield>
    <subfield code="9">1095</subfield>
  </datafield>
  <datafield tag="700" ind1="1" ind2=" ">
    <subfield code="a">Bassett, John,</subfield>
    <subfield code="d">1924-</subfield>
    <subfield code="9">100047</subfield>
  </datafield>
  <datafield tag="942" ind1=" " ind2=" ">
    <subfield code="2">ddc</subfield>
    <subfield code="c">BK</subfield>
    <subfield code="k">543,MEN</subfield>
  </datafield>
  <datafield tag="999" ind1=" " ind2=" ">
    <subfield code="c">183682</subfield>
    <subfield code="d">183682</subfield>
  </datafield>
  <datafield tag="952" ind1=" " ind2=" ">
    <subfield code="0">0</subfield>
    <subfield code="1">0</subfield>
    <subfield code="2">ddc</subfield>
    <subfield code="4">0</subfield>
    <subfield code="7">0</subfield>
    <subfield code="a">MCS</subfield>
    <subfield code="b">MCS</subfield>
    <subfield code="c">GEN</subfield>
    <subfield code="d">2016-12-12</subfield>
    <subfield code="o">543,MEN</subfield>
    <subfield code="p">MCS33279</subfield>
    <subfield code="r">2016-12-08</subfield>
    <subfield code="w">2016-12-12</subfield>
    <subfield code="y">BK</subfield>
    <subfield code="z">Almirah No.77, Shelf No.4</subfield>
  </datafield>
  <datafield tag="952" ind1=" " ind2=" ">
    <subfield code="0">0</subfield>
    <subfield code="1">0</subfield>
    <subfield code="2">ddc</subfield>
    <subfield code="4">0</subfield>
    <subfield code="7">0</subfield>
    <subfield code="a">MCS</subfield>
    <subfield code="b">MCS</subfield>
    <subfield code="c">GEN</subfield>
    <subfield code="d">2016-12-12</subfield>
    <subfield code="o">543,MEN</subfield>
    <subfield code="p">MCS33280</subfield>
    <subfield code="r">2016-12-08</subfield>
    <subfield code="w">2016-12-12</subfield>
    <subfield code="y">BK</subfield>
    <subfield code="z">Almirah No.25, Shelf No.4</subfield>
  </datafield>
</record>
